000 00406 a2200133 4500
001 ART_2694
005 20260410161709.0
008 260409a
245 1 0 _aLa producción de tecnología nuclear en Argentina
100 1 _aThomas, Hernán
700 1 _aVersino, Mariana
700 1 _aLalouf, Alberto
773 0 _tDesarrollo económico
_g- Vol. 47, Nº 188 (ene./mar. 2008)
_wREV1174
999 _c15912
_d15912